| 000 | 00565nam a2200193Ia 4500 | ||
|---|---|---|---|
| 008 | 151121s9999||||xx |||||||||||||| ||und|| | ||
| 082 | _a330/BAT | ||
| 082 | _bHNW-2350 | ||
| 100 | _aBatliboi Jamshed R। | ||
| 245 | _aFirst Steps In Double-Entry Book-Keep। । | ||
| 260 | _b"atliboi J। R।, Bombay।" | ||
| 260 | _c-- | ||
| 300 | _a349 | ||
| 600 | _aBatliboi Jamshed R। | ||
| 630 | _aFirst Steps In Double-Entry Book-Keep। । | ||
| 700 | _aBatliboi Jamshed R। | ||
| 730 | _aFirst Steps In Double-Entry Book-Keep। । | ||
| 942 | _cBOOK | ||
| 999 |
_c1211241 _d1211238 |
||